000 01159nam a22003377a 4500
003 CHAP
005 20220817041809.0
008 971013c19851976 r 00010 d
010 _a24821
011 _a25793
035 _a29893
040 _cCHAP
082 _a517.38
_bB7Y
100 0 0 _aBronson, Richard.
_915527
245 _aTeoría y problemas de ecuaciones diferenciales modernas
260 _aMéxico, D. F. :
_bMcGraw-Hill,
_c1985 (c.1976)
300 _a310 p.
_b; gráfs.
490 _aSerie de Compendios Schaum
_v; 409
590 _aBATCH-UPD
_b10
_c20130110
_lUCH01
_h0058
590 _aBATCH-UPD
_b10
_c20130110
_lUCH01
_h0922
590 _aCONVERSION
_b10
_c20130109
_lUCH01
_h1314
650 1 4 _aEcuaciones diferenciales.
_935306
650 1 4 _aMatrices.
_973047
650 1 4 _aTransformaciones de Laplace.
_9114622
830 0 _aSerie de Compendios Schaum
_v; 409
901 _aBK
942 _cLIBRO
949 _a517.38 B7Y
_bBC
_cLIBRO
_d33724000142295
_eLIBRO
_h64325
_i29893
_si
949 _a517.38 B7Y
_bBC
_cLIBRO
_d33724000142337
_eLIBRO
_fc.3
_h64327
_i29893
_si
949 _a517.38 B7Y
_bBC
_cLIBRO
_d33724000142345
_eLIBRO
_fc.2
_h64326
_i29893
_si
999 _c24821
_d24821